| 000 | 00669nam a22002297a 4500 | ||
|---|---|---|---|
| 999 |
_c20476 _d20476 |
||
| 003 | AR-CdUCM | ||
| 008 | 190530b ||||| |||| 00| 0 spa d | ||
| 020 | _a84-02-07780-3 | ||
| 040 |
_aMUNICIPALIDAD PROVINCIAL DEL CUSCO _cBIBLIOTECA MUNICIPAL DEL CUSCO |
||
| 041 | _heng | ||
| 082 |
_a869.813 / _bSH544 |
||
| 100 |
_aSheldon, Sidney _942817 |
||
| 245 | _aUn extraño en el espejo / | ||
| 260 |
_aBarcelona : _bBruguera, _c1981. |
||
| 300 |
_a331 páginas ; _c17 cm. |
||
| 440 |
_aColección naranja _913658 |
||
| 505 | _aContenido: Novela. | ||
| 650 |
_aNovela _95 |
||
| 650 |
_aLiteratura española _9362 |
||
| 942 |
_2ddc _cLIBROS |
||
| 945 |
_adavv _d2019-05-30 |
||